000 00422nam a2200169 i 4500
001 bg
100 1 _aBORISENKO, A. J.
245 0 _aVektornyj analiz i nacala tenzornogo iscislenija /
_cA.J. Borisenko, J.E. Tarapov.
250 _aIzd.4.
260 _aCharkov,
_c1972.
700 1 _aTARAPOV, J. E.
040 _cBPK
041 _apol
080 _a514.74
942 _cKS
008 s pl f |000 0 pol
999 _c14504
_d14504
856 _uhttp://koha.tu.koszalin.pl/cgi-bin/koha/opac-detail.pl?biblionumber=14504
_yKatalog online BPK